Vista normal
Vista MARC
- Sánchez Ferlosio, Rafael
Entrada Nombre personal
Número de registros utilizados en: 1
001 - NÚMERO DE CONTROL
- campo de control: 30645
003 - IDENTIFICADOR DEL NÚMERO DE CONTROL
- campo de control: AR-RoBPED
005 - FECHA Y HORA DE LA ÚLTIMA TRANSACCIÓN
- campo de control: 20260325090350.0
008 - DATOS DE LONGITUD FIJA
- campo de control de longitud fija: 260325|| ac|||aabn | a|a d
040 ## - FUENTE DE LA CATALOGACIÓN
- Centro catalogador/agencia de origen: AR-RoBPED
100 ## - ENCABEZAMIENTO-NOMBRE DE PERSONA
- Nombre de persona: Sánchez Ferlosio, Rafael
- Fechas asociadas al nombre: 1927-2019